| 000 | 00468nam a2200181Ia 4500 | ||
|---|---|---|---|
| 005 | 20250423095112.0 | ||
| 008 | 250422s9999 xx 000 0 und d | ||
| 020 | _a9789789715558 | ||
| 050 | _aHB 615 .A46/ | ||
| 100 | _aAmole, Francis Olusola | ||
| 245 | 0 | _aDynamics of entrepreneurship in nigeria | |
| 260 | _aKaduna | ||
| 260 | _bG.N Ebube Nig. Enterprises. | ||
| 260 | _c2019 | ||
| 300 | _a137 p | ||
| 650 | _aEntrepreneurship--Case studies. | ||
| 942 | _cBK | ||
| 999 |
_c29247 _d29247 |
||